[Event "Satka Metallurg op"]
[Site "Satka"]
[Date "2012.07.07"]
[Round "6"]
[White "Sidorenja, Alexander"]
[Black "Looshnikov, Nikolai"]
[Result "0-1"]
[WhiteElo "2356"]
[BlackElo "2484"]
[PlyCount "56"]
[EventDate "2012.07.02"]
[EventType "swiss"]
[EventRounds "9"]
[EventCountry "RUS"]
[SourceTitle "EXT 2013"]
[Source "ChessBase"]
[SourceDate "2012.11.22"]
[SourceVersion "1"]
[SourceVersionDate "2012.11.22"]
[SourceQuality "1"]

1. c4 e5 2. g3 Nf6 3. Bg2 Bc5 4. Nc3 0-0 5. e3 Re8 6. Nge2 d6 7. 0-0 Nc6 8. d4 Bb6 9. h3 h6 10. g4 Bd7 11. a3 a5 12. Rb1 h5 13. g5 Nh7 14. f4 exd4 15. exd4 Bf5 16. Ra1 Nf8 17. Kh2 Ng6 18. Ng3 Nxd4 19. Nxf5 Nxf5 20. Bxb7 Rb8 21. Bc6 Re3 22. Nd5 Rg3 23. Qxh5 Ngh4 24. Nc3 d5 25. Qxh4 Nxh4 26. Kxg3 Nf5+ 27. Kg4 Qc8 28. Nxd5 Ne7+ 0-1

[Event "BLR-ch"]
[Site "Minsk"]
[Date "2009.01.19"]
[Round "7"]
[White "Podolchenko, Evgeniy"]
[Black "Sidorenja, Alexander"]
[Result "1/2-1/2"]
[WhiteElo "2475"]
[BlackElo "2362"]
[PlyCount "71"]
[EventDate "2009.01.13"]
[EventType "tourn"]
[EventRounds "9"]
[EventCountry "BLR"]
[EventCategory "10"]
[SourceTitle "CBM 128 Extra"]
[Source "ChessBase"]
[SourceDate "2009.03.05"]
[SourceVersion "2"]
[SourceVersionDate "2009.03.25"]
[SourceQuality "1"]

1. d4 d5 2. c4 e6 3. Nc3 c6 4. Nf3 dxc4 5. a4 Bb4 6. e3 b5 7. Bd2 a5 8. axb5 Bxc3 9. Bxc3 cxb5 10. b3 Bb7 11. bxc4 b4 12. Bb2 Nf6 13. Bd3 Nbd7 14. 0-0 0-0 15. Re1 Ne4 16. Nd2 Nxd2 17. Qxd2 Qc7 18. c5 f5 19. f3 Nf6 20. Qc2 Bc6 21. Bc4 Qf7 22. Bb3 Nd5 23. e4 fxe4 24. fxe4 a4 25. Bc4 Nf6 26. Rad1 b3 27. Qd3 Bxe4 28. Rxe4 Nxe4 29. Qxe4 Qf2+ 30. Kh1 Qxb2 31. Bd3 g6 32. Qxe6+ Kg7 33. Qe5+ Kh6 34. Qe3+ Kg7 35. Qe5+ Kh6 36. Qe3+ 1/2-1/2

[Event "BLR-ch"]
[Site "Minsk"]
[Date "2009.01.13"]
[Round "1"]
[White "Sidorenja, Alexander"]
[Black "Teterev, Vitaly"]
[Result "0-1"]
[WhiteElo "2362"]
[BlackElo "2530"]
[PlyCount "186"]
[EventDate "2009.01.13"]
[EventType "tourn"]
[EventRounds "9"]
[EventCountry "BLR"]
[EventCategory "10"]
[SourceTitle "CBM 128 Extra"]
[Source "ChessBase"]
[SourceDate "2009.03.05"]
[SourceVersion "2"]
[SourceVersionDate "2009.03.25"]
[SourceQuality "1"]

1. e4 c5 2. c3 Nf6 3. e5 Nd5 4. d4 cxd4 5. cxd4 d6 6. Nf3 Nc6 7. Bc4 Nb6 8. Bb3 d5 9. Nh4 e6 10. Nf3 Bd7 11. 0-0 Be7 12. Nc3 0-0 13. a3 f5 14. exf6 gxf6 15. Bh6 Rf7 16. Re1 Kh8 17. Bc2 Qg8 18. g3 Nc4 19. Rb1 Bf8 20. Bxf8 Raxf8 21. Bd3 Nd6 22. Nb5 Ne8 23. Rc1 Rg7 24. Nc3 Nd6 25. Bf1 Be8 26. Bh3 Re7 27. Nh4 f5 28. b4 a6 29. Ng2 Qg7 30. Nf4 Ne4 31. Nxe4 dxe4 32. d5 exd5 33. Qxd5 Nd4 34. Bg2 Bc6 35. Qa2 Rd8 36. Rc5 Qf7 37. Qa1 Kg8 38. Qb2 Red7 39. h4 Nb3 40. Rxf5 Qxf5 41. Qxb3+ Qf7 42. Qe3 Re7 43. Qc5 Qf6 44. Re3 Kh8 45. Kh2 Qe5 46. Qc1 Qd4 47. Qb1 Rf8 48. Qb3 Qe5 49. Nh3 Bd5 50. Qc2 Rc7 51. Qd2 Rcf7 52. Rc3 Bc6 53. Rc5 Qg7 54. Rg5 Qf6 55. Qe3 Re7 56. Nf4 Rd8 57. Rc5 Qd4 58. Qe2 Re5 59. Rc2 Qd1 60. Qc4 Qd4 61. Qf7 Qd6 62. Rd2 Qxd2 63. Qf6+ Kg8 64. Qxe5 Qd6 65. Qg5+ Kf7 66. Qf5+ Kg8 67. Ne6 Rd7 68. Qg5+ Kh8 69. Qf5 Bd5 70. Ng5 e3 71. Bxd5 Qxd5 72. Qf6+ Kg8 73. fxe3 Qd6 74. Qf5 Re7 75. Ne4 Qg6 76. Qc8+ Kf7 77. Qc4+ Kf8 78. Ng5 h6 79. Nf3 Qf5 80. Nd4 Qf2+ 81. Kh3 Qxe3 82. Qc8+ Re8 83. Qc5+ Qe7 84. Qd5 Qf7 85. Qd6+ Kg7 86. Qc5 Kg8 87. Nf5 Qe6 88. h5 b6 89. Qf2 Rf8 90. g4 Rd8 91. Qb2 Rd3+ 92. Kh4 Qe1+ 93. Ng3 Qxg3# 0-1